00668nam a2200193 i 450000100060000000300090000600500170001500700030003200800410003510000280007624501720010425000130027626000590028930000200034850000390036870000240040770000180043185200250044981254ES-MaACL20250708063322.0t|041103s1909 xxk ||||1| eng d1 aHume, David,d1711-177612aA Treatise of human nature... and Dialogues concerning natural Religion / cDavid Hume ; edited with preliminary dissertations and notes by T.H. Green and T.H. Groose. aNew imp. aLondon : b[s.n.], c1909 (fSpottiswoode and Company) a2 v. ; c23 cm. aEl vol II de la edición de 1898.1 aGreen, Thomas Hill.1 aGroose, T. H. aES-MaACLjG-11894-95